Southville International School and Colleges
Your cart is empty.
  • Cart
  • Lists
    Public lists Eva Luna New books Lux_list list_1
    Your lists Log in to create your own lists
  • Log in to your account
  • Your cookies
  • Search history
Southville International School and Colleges
  • Advanced search
  • Recent comments
  • Most popular
  • Libraries

Log in to your account

Log in with GOOGLE


If you do not have an external account, but do have a local account, you can still log in:

  1. Home
  2. MARC view: Civic welfare training service :
Normal view MARC view ISBD view

Civic welfare training service : (Record no. 48465)

[ view plain ]
MARC details
000 -LEADER
fixed length control field 00614nam a2200193Ia 4500
008 - FIXED-LENGTH DATA ELEMENTS--GENERAL INFORMATION
fixed length control field 140321s9999 xx 000 0 und d
020 ## - INTERNATIONAL STANDARD BOOK NUMBER
International Standard Book Number 9789710588701
050 ## - LIBRARY OF CONGRESS CALL NUMBER
Classification number U 660.P6
Item number .C121 2013
100 ## - MAIN ENTRY--PERSONAL NAME
Personal name Caday, Simon P.
245 ## - TITLE STATEMENT
Title Civic welfare training service :
Remainder of title modular approach /
Statement of responsibility, etc Simon P. Caday.
250 ## - EDITION STATEMENT
Edition statement 2nd ed.
260 ## - PUBLICATION, DISTRIBUTION, ETC. (IMPRINT)
Place of publication, distribution, etc Philippines :
Name of publisher, distributor, etc Wiseman's Books Trading,
Date of publication, distribution, etc c2013.
300 ## - PHYSICAL DESCRIPTION
Extent 139 p. :
Other physical details ill. ;
Dimensions 23 cm.
521 ## - TARGET AUDIENCE NOTE
Target audience note
650 ## - SUBJECT ADDED ENTRY--TOPICAL TERM
Topical term or geographic name as entry element Military education
General subdivision Philippines.
650 ## - SUBJECT ADDED ENTRY--TOPICAL TERM
Topical term or geographic name as entry element National service
General subdivision Study and teaching (Higher) --Philippines.
942 ## - ADDED ENTRY ELEMENTS (KOHA)
Call number prefix Local
Koha item type Books
Holdings
Withdrawn status Lost status Damaged status Home library Current library Shelving location Date acquired Total Checkouts Full call number Barcode Date last seen Price effective from Koha item type
      College Library College Library Reserve Section 03/21/2014   U 660.P6 .C121 2013 C17748 05/15/2018 03/21/2014 Books

Civic welfare training service :

APA

Caday S. P., . (2013). Civic welfare training service. Philippines: Wiseman's Books Trading.

Chicago

Caday Simon P, . 2013. Civic welfare training service. Philippines: Wiseman's Books Trading.

Harvard

Caday S. P., . (2013). Civic welfare training service. Philippines: Wiseman's Books Trading.

MLA

Caday Simon P, . Civic welfare training service. Philippines: Wiseman's Books Trading. 2013.

  • Place hold
  • Print
  • Cite
  • Add to your cart (remove)
  • Save record
    BIBTEX Dublin Core MARCXML MARC (non-Unicode/MARC-8) MARC (Unicode/UTF-8) MARC (Unicode/UTF-8, Standard) MODS (XML) RIS
  • More searches
    Search for this title in:
    Other Libraries (WorldCat) Other Databases (Google Scholar) Online Stores (Bookfinder.com) Open Library (openlibrary.org)

Exporting to Dublin Core...

SOUTHVILLE LIBRARY

Southville International School and Colleges Library

1281 Tropical Ave. Cor. Luxembourg St., BF Homes International, Las Pinas City

Tel. No. 8256374 / 252358 Loc. 117/146

Powered by Koha